Applied logistic regression

Αποθηκεύτηκε σε:
Λεπτομέρειες βιβλιογραφικής εγγραφής
Κύριος συγγραφέας: Hosmer, David W.
Άλλοι συγγραφείς: Lemeshow, Stanley
Μορφή: Βιβλίο
Γλώσσα:English
Δημοσίευση: New York ; Chichester : Wiley, c1989.
Σειρά:Wiley series in probability and mathematical statistics. Applied probability and statistics.
Θέματα:
Ετικέτες: Προσθήκη ετικέτας
Δεν υπάρχουν, Καταχωρήστε ετικέτα πρώτοι!

MARC

LEADER 00000cam a2200000 i 4500
001 1/1539
008 000417s1989 nyu| ||| |||| ||eng||
020 |a 0471615536 
035 |l 10060055 
040 |a GR-MyUa  |b gre  |e AACR2 
041 0 |a eng 
082 7 |a 519.536   |2 (22) 
100 1 |a Hosmer, David W. 
245 1 0 |a Applied logistic regression /   |c David W. Hosmer, Stanley Lemeshow. 
260 |a New York ;   |a Chichester :   |b Wiley,   |c c1989. 
300 |a xiii, 307 σ. ;   |c 24 εκ. 
490 1 |a (Wiley series in probability and mathematical statistics. Applied probability and statistics) 
504 |a Περιλαμβάνει βιβλιογραφικές παραπομπές και ευρετήριο. 
650 0 0 |a Regression analysis. 
700 1 |a Lemeshow, Stanley. 
830 0 |a Wiley series in probability and mathematical statistics.   |p Applied probability and statistics. 
852 |a INST  |b SAMOS  |e 20000417  |h 519.536 HOS  |p 005300017619  |q 005300017619  |t BK  |y 0 
901 |a BIBL3-2000-2 
922 |a 3ΕΛΗ  |b 200003  |c ΚΠΣ  |d ΠΑΠΑΣΩΤΗΡΙΟΥ 
950 |a 116-2000-01-12 
970 |a ΓΕΝΟΥΖΟΥ  |b ΧΡΥΣΑΝΘΗ  |z 2000/05/16